000 00297nam a2200109Ia 4500
008 190914s9999||||xx |||||||||||||| ||und||
100 _aCaptain Usman Ali Isani
245 0 _aPakistan Main Aala Talim : Mazi, Haal aur Mustakbil
260 _aKarachi
_bPrince Book
_c2004
300 _a597
942 _cBK
999 _c9660
_d9660